[Event "Ojinaga Perla del Desierto op"]
[Site "Ojinaga"]
[Date "2023.10.29"]
[Round "7"]
[White "Valadez Sepulveda, Joel Isaac"]
[Black "Campero Medina, Mario Mauricio"]
[Result "1-0"]
[WhiteElo "1750"]
[BlackElo "1587"]
[PlyCount "67"]
[EventDate "2023.10.26"]
[EventType "swiss"]
[EventRounds "7"]
[EventCountry "MEX"]
[SourceTitle "Mega2024 Update 01"]
[Source "Chessbase"]
[SourceDate "2023.11.12"]
[SourceVersion "1"]
[SourceVersionDate "2023.11.12"]
[SourceQuality "1"]

1. Nf3 c5 2. c4 g6 3. Nc3 Bg7 4. g3 Nf6 5. Bg2 d6 6. 0-0 0-0 7. d3 Nbd7 8. Ne1 Nb6 9. e4 Nfd7 10. a4 Ne5 11. f4 Ng4 12. h3 Bd4+ 13. Kh1 Nf2+ 14. Rxf2 Bxf2 15. Qe2 Bxg3 16. Nf3 Kg7 17. Bf1 e6 18. e5 Bd7 19. Ne4 d5 20. Nxg3 Bxa4 21. Bg2 dxc4 22. dxc4 Rb8 23. Be3 Qe7 24. Ne4 Bb3 25. Bxc5 Bxc4 26. Qxc4 Nxc4 27. Bxe7 Rfe8 28. Bf6+ Kf8 29. Rxa7 Nxb2 30. Nd6 Ra8 31. Rxb7 Nd3 32. Rxf7+ Kg8 33. Rg7+ Kf8 34. Rxh7 1-0